| 000 | 00649nam a22001577a 4500 | ||
|---|---|---|---|
| 008 | 160427b xxu||||| |||| 00| 0 eng d | ||
| 082 |
_22011 _aUT 0296 _bT48 |
||
| 100 |
_96660 _aTimonio,Vough Ryan P. |
||
| 245 |
_aLevel of effectiveness of the civilian volunteer organization (CVO) programs as perceived by the residents of Brgy. Dawis, Digos City/ _cVough Ryan P. Timonio, Marbien Ray T.Sison and Tyrone G. Sison. |
||
| 260 |
_aDigos City: _bUMDC _cOctober 2011. |
||
| 300 |
_a43 pages; _c28 cm. |
||
| 650 | 0 |
_96659 _aCriminology _xUndergraduate thesis. |
|
| 700 |
_96657 _aSison, Marbien Ray T. |
||
| 700 |
_96658 _aSison, Tyrone G. |
||
| 942 |
_2ddc _cUT |
||
| 999 |
_c2066 _d2066 |
||